1168 1219 1074 1210 1965 1917 1787 1117 1710 1053 1704 1641 1426 1004 1368 1181 1913 1443 1561 1401 1105 1525 1595 1042 1547 1986 1260 1358 1185 1701 1327 1090 1282 1227 1187 1368 1947 1185 1534 1847 1324 1333 1459 1270 1053 1198 1854 1620 1823 1978 1476 1304 1238 1964 1718 1855 1643 1627 1879 1746 1870 1312 1233 1858 1779 1067 1181 1676 1861 1192 1450 1622 1233 1193 1146 1043 1884 1738 1287 1173 1431 1320 1612 1031 1636 1051 1269 1178 1922 1615 1311 1084 1014 1312 1417 1368 1727 1460 1684 BCNSPRNW ULIB Ver.6.0+V

เปลี่ยนเป็นภาษาไทย

Change to English
 แสดงรายละเอียดบรรณานุกรม
  กลับหน้าหลัก

Brief Record : Get Marc (ISO 2709) : E-mail record : QR code < ปิดหน้าต่าง
LEADER : 00000nam 2200000uu 4500
001    13399124857
003     ULIB
008    160419s2558||||th 000 0 tha d
024 0  ^a9786163827272
060  4 ^aWY156.7^bก494
100 0  ^aเกสรา ศรีพิชญาการ.
245 00 ^aการพยาบาลสตรีที่ได้รับผลกระทบจากความรุนแรงในครอบครัว =Nursing Care of Inflicted by Family Violence /^cเกสรา ศรีพิชญาการ
260    ^a[เชียงใหม่] :^bคณะพยาบาลศาสตร์ มหาวิทยาลัยเชียงใหม่,^c2558
300    ^a362 :^bภาพประกอบ
650  7 ^aการพยาบาลครอบครัว
650    ^aการพยาบาลทางนรีเวช
650  7 ^aสตรีที่ถูกทารุณ^xการพยาบาล
710 2  ^aมหาวิทยาลัยเชียงใหม่.^bคณะพยาบาลศาสตร์
945    ^p450^l0^i000553
945    ^p450^l0^i000554
945    ^p450^l0^i000555
945    ^p450^l0^i000556
945    ^p450^l0^i000557
945    ^p450^l0^i000558
945    ^p450^l0^i000559
945    ^p450^l0^i000904
999    ^aเกษร โพธิ์สุวรรณ
รายการนี้ยังไม่มีแท็ก
คุณยังไม่ได้ล็อกอิน คุณสามารถมีกิจกรรมร่วมกับเว็บไซต์ได้ แต่ต้องล็อกอินก่อน ::
  ล็อกอิน

รายการสื่อสารสนเทศ

ลำดับที่ ประเภท เลขเรียก/บาร์โค้ด สถานที่ สถานะ
1. Book การพยาบาล
Book การพยาบาล
สถานะ=หนังสือเก่า
WY156.7 ก494 ฉ.1 
  Barcode: 000553
ห้องสมุดวิทยาเขตสวรรค์ประชารักษ์
►ส่วนจัดเก็บหนังสือเก่า สปร
บนชั้น
  ขอยืม
2. Book การพยาบาล
Book การพยาบาล
สถานะ=หนังสือเก่า
WY156.7 ก494 ฉ.2 
  Barcode: 000554
ห้องสมุดวิทยาเขตสวรรค์ประชารักษ์
►ส่วนจัดเก็บหนังสือเก่า สปร
บนชั้น
  ขอยืม
3. Book การพยาบาล
Book การพยาบาล
สถานะ=หนังสือเก่า
WY156.7 ก494 ฉ.3 
  Barcode: 000555
ห้องสมุดวิทยาเขตสวรรค์ประชารักษ์
►ส่วนจัดเก็บหนังสือเก่า สปร
บนชั้น
  ขอยืม
4. Book การพยาบาล
Book การพยาบาล
สถานะ=หนังสือเก่า
WY156.7 ก494 ฉ.4 
  Barcode: 000556
ห้องสมุดวิทยาเขตสวรรค์ประชารักษ์
►ส่วนจัดเก็บหนังสือเก่า สปร
บนชั้น
  ขอยืม
5. Book การพยาบาล
Book การพยาบาล
สถานะ=หนังสือเก่า
WY156.7 ก494 ฉ.5 
  Barcode: 000557
ห้องสมุดวิทยาเขตสวรรค์ประชารักษ์
►ส่วนจัดเก็บหนังสือเก่า สปร
บนชั้น
  ขอยืม
6. Book การพยาบาล
Book การพยาบาล
สถานะ=หนังสือเก่า
WY156.7 ก494 ฉ.6 
  Barcode: 000558
ห้องสมุดวิทยาเขตสวรรค์ประชารักษ์
►ส่วนจัดเก็บหนังสือเก่า สปร
บนชั้น
  ขอยืม
7. Book การพยาบาล
Book การพยาบาล
สถานะ=หนังสือเก่า
WY156.7 ก494 ฉ.7 
  Barcode: 000559
ห้องสมุดวิทยาเขตสวรรค์ประชารักษ์
►ส่วนจัดเก็บหนังสือเก่า สปร
บนชั้น
  ขอยืม
8. Book การพยาบาล
Book การพยาบาล
สถานะ=หนังสือเก่า
WY156.7 ก494 ฉ.8 
  Barcode: 000904
ห้องสมุดวิทยาเขตสวรรค์ประชารักษ์
►ส่วนจัดเก็บหนังสือเก่า สปร
บนชั้น
  ขอยืม

รายการใกล้เคียง
    ผู้แต่ง [เกสรา ศรีพิชญาการ.]

    หัวเรื่อง [การพยาบาลครอบครัว]

BibComment


ยังไม่เคยถูกคอมเมนท์

คอมเมนท์ทรัพยากรรายการนี้
  คอมเมนท์: การพยาบาลสตรีที่..


 Copyright 2026. Bcnsprnw @Library